Histoire médiévale - Statistiques

Statistiques générales
  • Ce quiz a été pris 255 fois
  • Le résultat moyen est 15 sur 71
Statistiques - réponses
Hint Réponse % Correct
La chute de quel empire marque le début du Moyen-Âge en 476 ? L'Empire romain
97%
En quelle année Christophe Colomb découvre-t-il l'Amérique marquant la fin du Moyen-Âge ? 1492
95%
Cite moi un pôle du vin en France à l'époque : La vallée du Rhône/La Bourgogne/La Champagne/La Vallée de la Garonne/Le Rhin/La Moselle
63%
Durant quel siècle, la majorité des campagnes sont regroupées en villages/villes ? XII
53%
A partir de quel siècle, l’usage de la coutume va progressivement être écrit ? XIII
53%
Combien vaut 1 sou en denier ? 12
49%
Cite un des 7 sacrements fixés au XIIème siècle que les clercs transmettent : Baptême/Confirmation/Eucharistie/Confession/Mariage/Ordination/Extrême-onction
39%
Dans quelle ville de France, à partir de 1309, les papes s’installent sous la protection du roi de France ? Avignon
38%
Comment s'appelle l'ordre religieux et militaire français issu de la chevalerie chrétienne, créé à l'occasion du concile de Troyes (1129) participant activement aux Croisades ?
Ordre du Temple
38%
Comment on appelait les hommes non-libres qui ne sont pas des esclaves et disposent de certains droits mais sont soumis à de fortes contraintes juridiques et acquittent des redevances spécifiques ? Serfs
38%
Selon leurs noms, dans quel comté de France se tenaient des foires organisées 6 fois par an dans 4 villes à Troyes, Bar-sur-Aube, Provins et Lagny-sur-Marne ? Comté de Champagne
35%
Du XIIe au XVIe siècle, quelle ville occidentale est considérée comme la plus importante avec 200 000 habitants ? Paris
33%
Quelle cérémonie reconnaît les qualités pour devenir un chevalier prenant place lors des périodes/jours de fête (Pâques, Pentecôte, Toussaint, Noël) ? L'adoubement
32%
Quel roi anglais est connu pour avoir participer à la troisième croisade de 1189 à 1192 ? Richard Cœur de Lion
31%
Grâce à quelle bataille décisive en 1066, le duc de Normandie Guillaume le Conquérant se fait couronner roi d'Angleterre ? Bataille d'Hastings
30%
Quel roi de France a été mêlé à l'attentat d'Anagni en 1303 contre le pape Boniface VIII ? Philippe IV le Bel
29%
Après avoir terminé ce cursus, cite moi une des 3 disciplines dans lesquelles les jeunes étudiants peuvent se spécialiser : Droit/Médecine/Théologie
27%
La mort de quel roi d'Angleterre entraîne l'anarchie anglaise l'héritière légitime Mathilde l'Emperesse et Etienne de Blois de 1135 à 1153 ? Henri Ier
27%
Quel maison royale s'empare finalement du trône ? Maison royale de York
26%
Comment s'appelle la guerre civile de 1455 à 1485 qui eut lieu en Angleterre entre la maison royale de Lancastre et la maison royale de York pour la succession au trône d'Angleterre ? Guerre des Deux-Roses
25%
Comment s'appelle l'exploitation agricole concédée par un seigneur à un paysan, qui est soumise à des redevances et transmissible aux héritiers du paysan ? Tenure
23%
En quelle année démarre la Guerre de Cent Ans après que le roi d'Angleterre Édouard III se soit déclarer héritier légitime de la couronne de France ? 1337
22%
Comment s'appelle la taxe fixe due au seigneur foncier en échange de la tenure; en nature, en argent ou mixte et évolue vers le XIIème siécle pour devenir une rente d’argent à la place d’unetaxe sur 1 partie de la terre ? Cens
21%
Quel pape publie en 1075 vingt-sept propositions sous l'intitulé "Dictatus papae" démarrant la querelle des Investitures ? Grégoire VII
21%
Comment s'appelle l'ordre religieux catholique apparu en Italie en 1209 sous l'impulsion de saint François d'Assise où ses membres tentent de vivre une vie de pauvreté et de simplicité évangélique ? L'ordre des Frères mineurs
21%
Comment s'appelle l'ordre catholique né à Toulouse sous l’impulsion de Dominique de Guzmán en 1215 où on fait vœu d'obéissance, de chasteté et de pauvreté mais vivant dans des couvents et non dans des monastères ? Ordre dominicain
21%
Comment s'appelle la taxe en argent due au seigneur, qui est un prélèvement irrégulier et arbitraire servant à la protection et à la défense, représente une somme importante, mais devient fixe autour du XIIIème siècle ? Taille
21%
Comment s'appelle le type de seigneurie qui s'oppose à la seigneurie précédente où le titulaire exerce des droits de puissance publique : pouvoir de justice, pouvoir de police, pouvoir de commandement (droit de ban), etc ? Seigneurie banale
20%
Comment on appelle le fait d’acheter, de vendre des biens spirituels, des sacrements, des postes hiérarchiques, des charges ecclésiastiques ou des services intellectuels ? Simonie
20%
En quelle année eu lieu la bataille de Bouvines qui obligea le roi d'Angleterre à accepter le traité de Chinon où il perd des possessions au nord de la Loire ? 1214
19%
Quel roi en grande majorité détesté paraît tyrannique, ne résistant pas à la France et signe la Magna Carta en 1215 limitant désormais le pouvoir du roi ? Jean sans Terre
19%
Selon cette règle, comment appelle-t-on ceux qui travaillent (les paysans, tenanciers/vilains et les serfs) Laboratores
19%
Comment s'appelle la suspension de l'activité guerrière durant certaines périodes de l'année, organisée par l'Église catholique romaine ? Trêve de Dieu
19%
Selon cette règle, comment appelle-t-on ceux qui combattent (les nobles, prince, seigneurs, chevaliers) ? Bellatores
18%
Comment s'appelle le non-respect par des prêtres des mœurs spécifiques aux membres du clergé, que ce soit par le mariage, le concubinage, ou tout commerce sexuel ou encore le fait de prêcher la luxure ? Nicolaïsme
18%
Selon cette règle, comment appelle-t-on ceux qui prient (le clergé, les hommes d'Eglise) ? Oratores
18%
Comment s'appelle l'ordre monastique fondé par Saint-Robert en 1098 et développé par Bernard de Clairvaux qui promeut ascétisme, rigueur liturgique et érige la valeur du travail sans le côté ermite ? Ordre cistercien
18%
Cite moi un des quatre arts libéraux de l'enseignement médiéval présents dans le quadrivium : Arithmétique/Géométrie/Musique/Astronomie.
17%
Comment s'appelle le concordat en 1122 qui clôt la querelle des Investitures sur un compromis ? Concordat de Worms
17%
Comment s'appelle les prestations en travail dues au seigneur exécutés sur la réserve liés aux moissons, entretien du château... se comptant en journée ou à la tâche ? Corvées
17%
Comment s'appelle la réforme menée sous l'impulsion de la papauté depuis le pape Léon IX qui dura 3 siècles ? Réforme grégorienne
17%
Quel empereur du Saint-Empire s'est opposé à ces propositions ? Henri IV
15%
Comment s'appelle l'ordre militaire chrétien créé en 1190 dans le cadre des croisades en Terre sainte, mais qui est plus connu en raison de son implication dans les croisades baltes, notamment dans les territoires de Prusse ? Ordre Teutonique
15%
Comment s'appelle les droits dus pour utiliser le four, le moulin, le pressoir construits par le seigneur foncier ? Banalités
14%
Comment s'appelle l'ordre religieux catholique hospitalier et militaire qui a existé à partir de 1113 jusqu'au début du XIXe siècle ? Ordre des Hospitaliers
14%
Comment s'appelle les terres que le seigneur fait exploiter en faire-valoir direct (par des salariés agricoles...) correspondant à environ 1/4 de la seigneurie ? Réserve
14%
Cite moi un des trois arts libéraux de l'enseignement médiéval présents dans le trivium : Grammaire/Rhétorique/Dialectique
13%
Comment on appelait un jeune noble attaché au service d'un seigneur féodale, qui recevait une forme d'éducation (tâches civiles et militaires) pouvant aspirer à devenir écuyer puis chevalier ? Page
13%
Comment s'appelle le type de seigneurie où le seigneur ne possède que des droits réels sur les terres de son domaine et confère des droits d'ordre privé ? Seigneurie foncière
13%
Comment s'appelle l'évêque de Laon qui a formulé la règle coutumière de la séparation des trois pouvoirs ou tripartition ? Adalbéron de Laon
11%
Quelle bataille en 1453 marque la fin de la guerre sur le plan militaire ? Bataille de Castillon
11%
Comment s'appelle le concile se tenant en 1123 qui entérine ces nouvelles décisions marquant un peu plus l'autonomie prise par le Clergé ? Concile de Latran
11%
La charrue labour en profondeur et retourne la terre : mais quel autre instrument sert à gratter la terre en surface ? Araire
10%
Comment s'appelle la taxe proportionnelle à la récolte due au seigneur foncier ? Champart
10%
En quelle année le roi d'Angleterre se voit confisquer le duché de Normandie par le roi de France, Philippe Auguste, pour avoir désobéi à ses ordres ? 1202
9%
En quelle année la Bretagne est annexée à la France par le mariage entre la duchesse Anne de Bretagne et le roi Charles VIII ? 1491
9%
Comment s'appelle l'ordre religieux fondé par Saint-Bruno en 1084 où on pratique la pénitence ? Ordre des Chartreux
8%
Quel pape a créé le collège des cardinaux qui élit le nouveau pape en 1059 ? Nicolas II
7%
Comment s'appelle la carte de navigation, utilisée du XIIIe siècle au XVIIIe siècle, servant essentiellement à repérer les ports et connaître les dangers qui peuvent les entourer (courants, hauts-fonds...) ? Portulan
7%
Comment s'appelle la taxe que l'on percevait sur les marchandises transportées payé par les marchands pour étaler dans les foires et marchés (équivalent d’un péage) ? Tonlieu
7%
Cite moi une secte religieuse qualifiée d'hérétique par la bulle pontificale "Ad abolendam" en 1184 par Lucius III : Catharisme/Ordre des humiliés/Église évangélique vaudoise/Arnoldisme
6%
Comment s'appelle l'acte du pouvoir seigneurial où un certains nombres de liberté sont données à des villes comme l’exemption de droits seigneuriaux, la possibilité de lever ses propres taxes ou la dot d’une organisation politique autonome ? Charte de franchises
6%
Comment s'appelait l'intendant d’un domaine seigneurial qui avait pour rôle d’administrer, de juger et d'encaisser les revenus ? Prévôt
6%
Comment s'appelle le traité signé en 1259 mettant fin au conflit qui dure depuis plus d'un siècle entre les Capétiens et les Plantagenêt et où la couronne d'Angleterre renonce officiellement à la Normandie ? Traité de Paris
6%
En quelle année ces 2 pratiques sont interdites par le pape ? 1059
5%
Comment s'appelle l'accord fixant par écrit les rapports entre le seigneur et ses dépendants, leurs droits et leurs devoirs respectifs qui précise ou modifie la coutume ? Charte de franchise
5%
Comment appelle-t-on un haut dignitaire ecclésiastique (cardinal, archevêque, etc.) ayant des fonctions de commandement ? Prélat
5%
Comment s'appelle la philosophie visant à concilier l'apport de la philosophie grecque avec la théologie chrétienne ? Scolastique
5%
Comment sont appelés les juges locaux ? Echevins
4%
Comment s'appelle le traité de paix entre le roi de France Louis XI et le roi d'Angleterre Édouard IV mettant officiellement fin à la guerre de Cent Ans en 1475 ? Traité de Picquigny
3%
Comment s'appelle l'ordre monastique bénédictin fondé par Saint-Romuald en 1012 où on allie la vie commune de travail et de l'office bénédictin à l'érémitisme ? Ordre camaldule
2%
Aucun quiz correspondant
Distribution des résultats
% des personnes avec chaque résultat
Percentile par nombre de réponses
Votre historique - résultats
Vous n’avez pas pris ce quiz